1093 1885 1024 1596 1759 1500 1423 1939 1304 1977 1940 1120 1873 1647 1002 1357 1898 1411 1406 1676 1053 1714 1526 1481 1217 1660 1104 1910 1213 1157 1608 1312 1756 1427 1730 1327 1279 1259 1694 1634 1198 1068 1073 1279 1535 1503 1952 1648 1538 1870 1178 1051 1237 1262 1051 1843 1190 1552 1889 1551 1267 1567 1870 1926 1290 1675 1992 1926 1037 1159 1084 1338 1912 1539 1720 1224 1144 1206 1005 1421 1927 1765 1823 1145 1879 1950 1306 1239 1177 1018 1869 1885 1033 1027 1222 1335 1545 1065 1791 BCNSPRNW ULIB Ver.6.0+V

เปลี่ยนเป็นภาษาไทย

Change to English
 แสดงรายละเอียดบรรณานุกรม
  กลับหน้าหลัก

Brief Record : Get Marc (ISO 2709) : E-mail record : QR code < ปิดหน้าต่าง
LEADER : 00000nam 2200000uu 4500
001    13399126723
003     ULIB
008    190221s2018||||th 000 0 tha d
020    ^a9781259588594
060    ^aWS200^bK65R^cVol.2
100    ^aKline,Mark
245    ^aRudolph s Pediatrics
250    ^a23rd ed
260    ^aNew York :^bMcGraw-Hill,^c2018
300    ^a1301 pages;^b30 cm
650    ^aPediatrics
945    ^p2550^l0^i005384
999    ^aประนอม เกษจรัล
รายการนี้ยังไม่มีแท็ก
คุณยังไม่ได้ล็อกอิน คุณสามารถมีกิจกรรมร่วมกับเว็บไซต์ได้ แต่ต้องล็อกอินก่อน ::
  ล็อกอิน

รายการสื่อสารสนเทศ

ลำดับที่ ประเภท เลขเรียก/บาร์โค้ด สถานที่ สถานะ
1. วิทยาศาสตร์การแพทย์ และสุขภาพ
หนังสือสำรอง
สถานะ=หนังสือสำรอง
WS200 K65R Vol.2 ฉ.1 
  Barcode: 005384
ห้องสมุดวิทยาเขตสวรรค์ประชารักษ์
►หนังสือทั่วไป
บนชั้น

รายการใกล้เคียง
    ชื่อเรื่อง [Rudolph s Pediatrics]

    ผู้แต่ง [Kline,Mark]

    หัวเรื่อง [Pediatrics]

BibComment


ยังไม่เคยถูกคอมเมนท์

คอมเมนท์ทรัพยากรรายการนี้
  คอมเมนท์: Rudolph s Pediat..


 Copyright 2026. Bcnsprnw @Library